000 00972cab a2200277 4500
001 X95579
008 090401t1998 xxu||||| |||| 00| 0 eng d
035 _a(Sirsi) u90226
041 _aeng
245 _aFerrishurst Ltd v Wallcite Ltd
260 _c1998
350 _a0
490 _aNew Property Cases
_v[1998] NPC 157
520 _aCA 30 November 1998. Overriding interests. "Ashburn Anstalt v Arnold" not followed. Occupier of part may have against the purchaser of the whole an enforceable unregistered interest over the whole. NB (NO PHOTOCOPYING ALLOWED)
650 _aASHBURN ANSTALT V ARNOLD
650 _aCONVEYANCING
650 _aFERRISHURST LTD V WALLCITE LTD
650 _aLAND REGISTRATION ACT 1925
650 _aNATIONAL PROVINCIAL BANK V HASTINGS CART MART
650 _aREGISTERED LAND
650 _aSPECIFIC PERFORMANCE
650 _aWILLIAMS & GLYNS BANK V BOLAND
690 _aLAND-CASE LAW
942 _n0
948 _c10/12/1998
999 _c57171
_d57171